Flags of the Northernmost Countries of Africa - Statistics

General Stats
  • This quiz has been taken 420 times
  • The average score is 8 of 9
Answer Stats
Picture Answer % Correct
Egypt
100%
Algeria
96%
Tunisia
96%
Morocco
95%
Libya
87%
Niger
85%
Sudan
85%
Mauritania
80%
Mali
78%
No matching quizzes found
Score Distribution
Percent of People with Each Score
Percentile by Number Answered
Your Score History
You have not taken this quiz